Visualizzazione normale
Vista MARC
- Pintucci
di Personal Name
Records bibliografici associati: 1
001 - CONTROL NUMBER
- control field: 17866
003 - CONTROL NUMBER IDENTIFIER
- control field: IT-RoPau
005 - DATE AND TIME OF LATEST TRANSACTION
- control field: 20140401091151.0
008 - FIXED-LENGTH DATA ELEMENTS
- fixed length control field: 140401|| aca||aabn | a|a d
040 ## - CATALOGING SOURCE
- Original cataloging agency: IT-RoPau
- Transcribing agency: IT-RoPau
100 ## - HEADING--PERSONAL NAME
- Personal name: Pintucci
- Miscellaneous information: Codice autore SPICS: 24663
- Relator term: Autore
- Name of part/section of a work: Profumi balocchi e maritozzi - Un uomo da bruciare - Manichini - Non sparare - Madame - Fortuna - Il carrozzone
670 ## - SOURCE DATA FOUND
- Source citation: Work cat.: (IT-RoPau)98901: Zero Renato 5540, Icaro